00233pab a2200097 454500008003600000100001900036245002800055650001200083650002000095773002000115180718b xxu||||| |||| 00| 0 eng d aDang, Satyapal aPolice and human rights a Police aCivil Liberties aHindustan Times